| 000 | 00982nam a22002297a 4500 | ||
|---|---|---|---|
| 005 | 20141204085115.0 | ||
| 008 | 141128b1999 ck Il. |r|||| 00| 0 spa d | ||
| 040 | _cCO-BoIH | ||
| 041 | _aspa | ||
| 044 | _ack | ||
| 090 |
_aEA _b00173 |
||
| 110 | 1 |
_aColombia _bCorporación Autónoma Regional de la Orinoquia-Corporinoquia _929700 |
|
| 245 | _aGuía del Usuario para la Utilización y Manejo Sostenido del Recurso Bosque | ||
| 260 |
_aYopal : _bCorporación Autónoma Regional de la Orinoquia-Corporinoquia, _c1996. |
||
| 300 |
_a48 pag _bIl. _c28 cm |
||
| 650 | 6 |
_aPolítica Forestal _zRegión Orinoquia (Dpt. Colombia) _929701 |
|
| 650 | 4 |
_aBosques _xLegislación _zRegión Orinoquia (Dpt. Colombia) _929702 |
|
| 650 |
_aBosques _xAprovechamiento _zRegión Orinoquia (Dpt. Colombia) _929703 |
||
| 650 | 6 |
_aExplotación Forestal _zRegión Orinoquia (Dpt. Colombia) _929704 |
|
| 650 |
_aConservación de Bosques _zRegión Orinoquia (Dpt. Colombia) _929705 |
||
| 942 |
_2z _cLIBRO |
||
| 999 |
_c8846 _d8846 |
||